000 00706nam a22002177a 4500
999 _c171014
_d171014
005 20200102142905.0
008 200102b ||||| |||| 00| 0 eng d
010 _aB-994016
020 _a8120722191
_c250.00
035 _aB-994016
040 _adpl
_ben
050 _a615.852
082 _a615.852
100 _aChoa Kok Sui
245 _aAdvanced pranic healing:
_ba practical manual on color pranic healing/
_cby Choa Kok Sui
250 _a5th ed(repr.)
260 _aNew Delhi
_bNew Dawn
_c2000
270 _aL-10, Green Park Extension,
_bNew Delhi
_e110016
_k6191784, 6191785, 6191023
_mghai@nde.vsnl.net.in
300 _a342p
_c22cemi(pbk)
942 _2ddc
_cEN
_h615.852
_mCHO